| 000 | 00988nam a2200277Ia 4500 | ||
|---|---|---|---|
| 003 | OSt | ||
| 005 | 20221006153557.0 | ||
| 006 | a|||||r|||| 00| 0 | ||
| 007 | ta | ||
| 008 | 221006b |||||||| |||| 00| 0 eng d | ||
| 020 | _a985952374 | ||
| 024 | _a32,754 | ||
| 037 |
_bGift, Korean Embassy _cTextual |
||
| 040 |
_aEASL _cEASL _beng |
||
| 041 |
_2eng _aeng |
||
| 082 | _aNR495;91, P4 | ||
| 100 |
_aNational Center for Korean Traditional Performing Arts Au. _9664475 |
||
| 245 | 0 |
_aPansori _b Commemorating designation as a masterpiece of oral tradition and intangible heritage of humanity by UNESCO in 2003 |
|
| 260 |
_aSeoul _bNational Center For Korean Traditional Performing Arts _c2004 |
||
| 300 |
_a91p.+various CD _ccm. |
||
| 490 | _v KEL | ||
| 650 | _a KEL | ||
| 650 |
_aKorean traditional music _9664476 |
||
| 942 |
_hNR495;91, P4 _cTEXL _2CC |
||
| 999 |
_c1100840 _d1100840 |
||